Agatha All Along - The Ballad of the Witches' Road - Statistics

General Stats
  • This quiz has been taken 385 times
    308 since last reset
  • The average score is 106 of 172
Answer Stats
Answer % Correct
road
98%
the
98%
down
97%
a
94%
witches'
94%
witches
94%
and
87%
i
84%
all
82%
to
79%
earth
76%
water
76%
air
75%
fire
74%
that's
74%
glory
73%
thy
71%
be
69%
fair
69%
sisters
67%
go
65%
gather
64%
seekest
64%
coven
63%
power
63%
thou
62%
foul
61%
is
59%
shall
59%
true
58%
with
58%
divine
57%
wake
57%
mine
56%
wood
56%
hour
55%
mother
55%
darkest
54%
earthly
54%
in
54%
wicked
54%
maiden
53%
we
53%
end
50%
hand
50%
crone
49%
wild
49%
from
48%
through
47%
death's
46%
not
46%
path
46%
bad
44%
hold
44%
stray
44%
at
43%
brew
43%
by
43%
gate
43%
hidden
43%
on
43%
our
43%
burn
42%
my
42%
right
42%
ever
41%
good
41%
follow
40%
side
40%
winding
40%
as
39%
familiar
39%
gone
39%
me
39%
unlock
39%
wrong
39%
carry
38%
night
38%
if
37%
marching
37%
forward
36%
guide
36%
many
36%
of
36%
shrine
36%
where
36%
blood
35%
circle
35%
fate
35%
friend
35%
sight
35%
spirit
35%
tricks
35%
bone
34%
one
34%
miles
33%
trials
32%
'neath
31%
primal
31%
tears
31%
sewn
30%
wooded
29%
door
28%
giveth
28%
appears
26%
high
26%
low
26%
your
25%
come
23%
wander
23%
time
22%
fears
21%
tame
21%
we'll
20%
has
19%
No matching quizzes found
Score Distribution
Percent of People with Each Score
Percentile by Number Answered
Your Score History
You have not taken this quiz since the last reset